| 000 | 00578nam a22001937a 4500 | ||
|---|---|---|---|
| 003 | SISC | ||
| 005 | 20160308150044.0 | ||
| 008 | 130822t xxu||||| |||| 00| 0 eng d | ||
| 020 | _a9789511119630 | ||
| 050 |
_aPH 301 _b.L189 1991 |
||
| 082 |
_aHS 894.541 _bL146 1992 |
||
| 100 |
_aLaitinen, Kai _912220 |
||
| 245 |
_aLiteratura Finladesa : _bbreve intoroduccion / _cKai Laitinen |
||
| 260 |
_aHelsinki, Finland : _bKustannusosakeyhtio Otava, _cc1992. |
||
| 300 |
_a159 p. : _bill. ; _c20 cm. |
||
| 650 |
_aliterature of findland _912221 |
||
| 942 |
_2lcc _cBK |
||
| 999 |
_c9031 _d9031 |
||